Green BIM (Record no. 112416)

MARC details
000 -LEADER
fixed length control field 01171cad a22002775a 4500
001 - CONTROL NUMBER
control field L153188
008 - FIXED-LENGTH DATA ELEMENTS--GENERAL INFORMATION
fixed length control field 110621s2010 xxk f 000 0 eng d
020 ## - INTERNATIONAL STANDARD BOOK NUMBER
International Standard Book Number 9781934926260
035 ## - SYSTEM CONTROL NUMBER
System control number (Sirsi) u153188
041 0# - LANGUAGE CODE
Language code of text/sound track or separate title eng
110 0# - MAIN ENTRY--CORPORATE NAME
Corporate name or jurisdiction name as entry element McGraw-Hill Construction
9 (RLIN) 5916
245 00 - TITLE STATEMENT
Title Green BIM
Remainder of title how building information modeling is contributing to green design and construction
Medium [electronic resource]
260 ## - PUBLICATION, DISTRIBUTION, ETC.
Place of publication, distribution, etc. Bedford, MA
Name of publisher, distributor, etc. McGraw-Hill
Date of publication, distribution, etc. 2010
490 #0 - SERIES STATEMENT
Series statement SmartMarket Report
520 ## - SUMMARY, ETC.
Summary, etc. Looks at the emerging trend of green building information modelling in the United States; green building project teams are increasingly discovering how BIM tools can help them achieve more sustainable outcomes; includes case studies.
590 ## - LOCAL NOTE (RLIN)
Local note KA NTK
650 ## - SUBJECT ADDED ENTRY--TOPICAL TERM
Topical term or geographic name entry element BUILDING INFORMATION MODELLING
650 24 - SUBJECT ADDED ENTRY--TOPICAL TERM
Topical term or geographic name entry element BIM
9 (RLIN) 6219
651 #4 - SUBJECT ADDED ENTRY--GEOGRAPHIC NAME
Geographic name United States 1959-
690 ## - LOCAL SUBJECT ADDED ENTRY--TOPICAL TERM (OCLC, RLIN)
Topical term or geographic name as entry element BIM
9 (RLIN) 6219
690 ## - LOCAL SUBJECT ADDED ENTRY--TOPICAL TERM (OCLC, RLIN)
Topical term or geographic name as entry element Sustainability
9 (RLIN) 6271
700 1# - ADDED ENTRY--PERSONAL NAME
Personal name Bernstein, Harvey M
710 1# - ADDED ENTRY--CORPORATE NAME
Corporate name or jurisdiction name as entry element Autodesk
856 40 - ELECTRONIC LOCATION AND ACCESS
Uniform Resource Identifier <a href="https://construction.com/market_research/FreeReport/GreenBIM/MHC_GreenBIM_SmartMarket_Report_2010.pdf">https://construction.com/market_research/FreeReport/GreenBIM/MHC_GreenBIM_SmartMarket_Report_2010.pdf</a>
Public note View this item free of charge at bim.construction.com
942 ## - ADDED ENTRY ELEMENTS (KOHA)
Suppress in OPAC 0
Holdings
Withdrawn status Lost status Source of classification or shelving scheme Damaged status Not for loan Home library Current library Shelving location Date acquired Total Checkouts Full call number Barcode Date last seen Copy number Price effective from Koha item type
    Dewey Decimal Classification     Virtual Virtual Online 21/06/2011   ONLINE PUBLICATION 153188-2001 06/08/2019 1 06/08/2019 Book